000 01226nam a22002777a 4500
008 130821s1950 ck gr spa
040 _aCo-BoUCM
_bspa
041 0 0 _aspa
092 _aFM 000028
100 _aMejia y Mejia, Justino C.
_9149241
245 0 0 _aTradiciones y documentos
_bapuntes relativos a la historia de Nuestra Señora de la Lajas
_cJustino C. Mejía y Mejía
250 _a4a. ed
260 _aBogotá (Colombia)
_bEditorial Pax
_c1950
300 _a244 páginas
500 _aIncluye bibliografía e índice. -- Este libro se encuentra en el depósito de la biblioteca
610 _aSantuario de Nuestra Señora de las Lajas (Ipiales, Nariño, Colombia)
_93733
610 _aSantuario de Nuestra Señora de las Lajas (Ipiales, Nariño, Colombia)
_93733
610 _aSantuario de Nuestra Señora de las Lajas (Ipiales, Nariño, Colombia)
_xHistoria
_zIpiales (Nariño, Colombia)
_9149242
650 0 4 _aArquitectura religiosa
_99417
650 0 4 _aArte cristiano
_99463
650 0 4 _aHistoria
_97695
650 0 4 _aIglesias (Arquitectura)
_917150
650 0 4 _aIglesias (Arquitectura)
_zIpiales (Nariño, Colombia)
_917151
651 _aIpiales (Nariño, Colombia)
_927015
942 _cLIBRO
_a27
_e4
_n0
999 _c85406
_d85406